Szczegóły MARC21

Essays, Reden, Briefe, Kommentare /

003 -Nazwa inst., której nr kontr. jest w polu 001 [,]
    • @
    • Nazwa instytucji, której n kontrolny jest w polu 001
    • NUKAT
005 -DATA I CZAS OSTATNIEJ MODYFIKACJI [,]
    • @
    • pole kontrolne
    • 20241231102807.0
020 -Międzynarod. znormalizowany nr książki - ISBN [ , ]
    • a
    • Numer ISBN
    • 3472866446 Find
    • q
    • Dopowiedzenie
    • Broschur
020 -Międzynarod. znormalizowany nr książki - ISBN [ , ]
    • a
    • Numer ISBN
    • 3472866454 Find
    • q
    • Dopowiedzenie
    • Halbleinen
040 -Instytucja sporządzająca opis [ , ]
    • a
    • Instytucja, która sporządziła opis (NP)
    • GD U/DC
    • c
    • Instytucja, która sporządziła rekord (NP)
    • GD U/DC
    • d
    • Instytucja, która zmodyfikowała rekord (P)
    • GD U/DC
    • d
    • Instytucja, która zmodyfikowała rekord (P)
    • KR U/84BK
    • d
    • Instytucja, która zmodyfikowała rekord (P)
    • WR U/bks
942 -Rodzaj dokumentu [ , ]
    • c
    • Rodzaj dokumentu
    • Książka
100 -Hasło główne - nazwa osobowa [1, ]
    • a
    • Nazwa osobowa (NP)
    • Grass, Günter
    • d
    • Daty biograficzne (NP)
    • (1927-2015).
    • 9
    • KHW
    • 236475
245 -Strefa tytułu i oznaczenia odpowiedzialności [1,0]
    • a
    • Tytuł
    • Essays, Reden, Briefe, Kommentare / Find
    • c
    • Pozostałe elementy strefy tytułu i oznaczenia odpowiedzialności (NP)
    • Günter Grass ; hrsg. von Daniela Hermes.
260 -Strefa adresu wydawniczego [ , ]
    • a
    • Miejsce wydania (P)
    • Darmstadt :
    • b
    • Nazwa wydawcy (P)
    • Luchterhand,
    • c
    • Data wydania (P)
    • cop. 1987.
300 -Strefa opisu fizycznego [ , ]
    • a
    • Określenie formy książki i/lub objętość (NP)
    • 1070 s. ;
    • c
    • Format (NP)
    • 21 cm.
336 -Typ zawartości [ , ]
    • a
    • Termin opisujący typ zawartości
    • Tekst
    • b
    • Kod określający zawartość
    • txt
    • 2
    • Źródło (terminu i kodu)
    • rdacontent
337 -Typ mediów [ , ]
    • a
    • Tryb odtwarzania
    • Bez urządzenia pośredniczącego
    • b
    • Kod typu mediów
    • n
    • 2
    • Źródło (terminu i kodu)
    • rdamedia
338 -Typ/rodzaj nośnika [ , ]
    • a
    • Hasło opisujące typ nośnika
    • Wolumin
    • b
    • Kod typu nośnika
    • nc
    • 2
    • Źródło (terminu i kodu)
    • rdacarrier
490 -Strefa serii i książki wielotomowej - forma nie do wyszukiwania [1, ]
    • a
    • Tytuł (P)
    • Werkausgabe in zehn Bänden / Günter Grass ; hrsg. von Volker Neuhaus ; Find
    • v
    • Numeracja (P)
    • Bd. 9
504 -Uwaga dot. bibliogr. załącznikowej [ , ]
    • a
    • Uwaga dot. bibliografii załącznikowej
    • Bibliografia na stronach 1050-1064.
080 -Uniwersalna Klasyfikacja Dziesiętna [ , ]
    • a
    • Symbol klasyfikacji
    • 830-1/-9(081)Grass G.=30
600 -Hasło przedmiotowe w formie nazwy osobowej [1,7]
    • a
    • Nazwa osobowa
    • Grass, Günter
    • d
    • Daty związane z nazwą
    • (1927-2015)
    • v
    • Określnik formalny
    • korespondencja.
    • 2
    • Źródło terminu
    • kaba
    • 9
    • KHW
    • 633805
655 -Hasło w funkcji tematu formalnego [ ,7]
    • a
    • Hasło
    • Eseje niemieckie
    • y
    • Określnik chronologiczny
    • 1945-.
    • 2
    • Źródło terminu
    • kaba
    • 9
    • KHW
    • 461890
655 -Hasło w funkcji tematu formalnego [ ,7]
    • a
    • Hasło
    • Przemówienia niemieckie
    • y
    • Określnik chronologiczny
    • 20 w.
    • 2
    • Źródło terminu
    • kaba
    • 9
    • KHW
    • 633806
980 -Symbol UKD [ , ]
    • a
    • UKD
    • 830-1/-9(081)Grass G.=30
700 -Hasło dodatkowe - nazwa osobowa [1, ]
    • a
    • Nazwa osobowa (NP)
    • Neuhaus, Volker Find
    • d
    • Daty biograficzne (NP)
    • (1943- ).
    • e
    • Określenie rodzaju współpracy
    • Red.
    • 9
    • KHW
    • 417473
700 -Hasło dodatkowe - nazwa osobowa [1, ]
    • a
    • Nazwa osobowa (NP)
    • Hermes, Daniela. Find
    • e
    • Określenie rodzaju współpracy
    • Red.
    • 9
    • KHW
    • 513815
800 -Hasło dodatkowe opisu książki wielotomowej - nazwa osobowa [1, ]
    • a
    • Nazwa osobowa (NP)
    • Grass, Günter
    • d
    • Daty biograficzne (NP)
    • (1927-2015).
    • t
    • Tytuł ujednolicony/tytuł (NP)
    • Werkausgabe in zehn Bänden
    • v
    • Oznaczenie tomu (NP)
    • Bd. 9
    • 9
    • KHW
    • 417472
920 -ISBN [ , ]
    • a
    • ISBN
    • 3-472-86644-6 Find
    • q
    • Dopowiedzenie
    • Broschur
920 -ISBN [ , ]
    • a
    • ISBN
    • 3-472-86645-4 Find
    • q
    • Dopowiedzenie
    • Halbleinen
Sygnatura Data inwentaryzacji Lokalizacja Status udost. Numer inwentarzowy
Germ. Literatura niemiecka1998-05-08BM-3G.13133